| 000 | 00498pab a2200169 454500 | ||
|---|---|---|---|
| 008 | 180718b2014 xxu||||| |||| 00| 0 eng d | ||
| 100 | _aCasey, Colleen | ||
| 245 | _aCritical connections: The importance of community-based organizations and social capital to credit access for low-wealth entrepreneurs | ||
| 260 | _c2014 | ||
| 300 | _ap.366-390. | ||
| 362 | _aMar | ||
| 650 | _aSocial capital | ||
| 650 | _aEntrepreneurs | ||
| 773 | _aUrban Affairs Review | ||
| 908 | _aN | ||
| 909 | _a104865 | ||
| 999 |
_c104860 _d104860 |
||